Geology and ground-water supplies of the Fort Wingate Indian School area, McKinley County, New Mexico, (Record no. 28973)

MARC details
000 -LEADER
fixed length control field 01092cam a22002891 4500
001 - CONTROL NUMBER
control field gs 55000241
003 - CONTROL NUMBER IDENTIFIER
control field DLC
005 - DATE AND TIME OF LATEST TRANSACTION
control field 20260227111403.0
008 - FIXED-LENGTH DATA ELEMENTS--GENERAL INFORMATION
fixed length control field 811016s1955 dcuab bs f000 0 eng c
010 ## - LIBRARY OF CONGRESS CONTROL NUMBER
LC control number gs 55000241
035 ## - SYSTEM CONTROL NUMBER
System control number (OCoLC)7853562
040 ## - CATALOGING SOURCE
Original cataloging agency U.S. Geol. Survey. Libr.
Transcribing agency NmSoI
Modifying agency OCoLC
-- DLC
042 ## - AUTHENTICATION CODE
Authentication code premarc
043 ## - GEOGRAPHIC AREA CODE
Geographic area code n-us-nm
050 00 - LIBRARY OF CONGRESS CALL NUMBER
Classification number QE75
Item number .C5 no. 360
086 0# - GOVERNMENT DOCUMENT CLASSIFICATION NUMBER
Classification number I 19.4/2:360
100 1# - MAIN ENTRY--PERSONAL NAME
Personal name Callahan, J. T.
Fuller form of name (Joseph Thomas),
Dates associated with a name 1922-
245 10 - TITLE STATEMENT
Title Geology and ground-water supplies of the Fort Wingate Indian School area, McKinley County, New Mexico,
Statement of responsibility, etc. by J.T. Callahan and R.L. Cushman. Prepared in cooperation with the Bureau of Indian Affairs.
260 ## - PUBLICATION, DISTRIBUTION, ETC.
Place of publication, distribution, etc. Washington,
Date of publication, distribution, etc. 1955.
300 ## - PHYSICAL DESCRIPTION
Extent 12 p.
Other physical details illus., maps.
Dimensions 27 cm.
410 20 - SERIES STATEMENT/ADDED ENTRY--CORPORATE NAME [OBSOLETE, CAN/MARC], [LOCAL, USA]
Corporate name or jurisdiction name as entry element Geological Survey (U.S.).
Title of a work Circular
Volume number/sequential designation 360
504 ## - BIBLIOGRAPHY, ETC. NOTE
Bibliography, etc. note "Literature cited": p. 8.
650 #0 - SUBJECT ADDED ENTRY--TOPICAL TERM
Topical term or geographic name entry element Water-supply
Geographic subdivision New Mexico
-- McKinley County.
650 #0 - SUBJECT ADDED ENTRY--TOPICAL TERM
Topical term or geographic name entry element Groundwater
Geographic subdivision New Mexico
-- McKinley County.
700 1# - ADDED ENTRY--PERSONAL NAME
Personal name Cushman, R. L.
Fuller form of name (Robert L.),
Dates associated with a name 1917-
Relator term joint author.
740 0# - ADDED ENTRY--UNCONTROLLED RELATED/ANALYTICAL TITLE
Uncontrolled related/analytical title Fort Wingate Indian School, N.M.

No items available.

Powered by Koha